Good appetite my companion : a gourmand at large /

Saved in:
Bibliographic Details
Main Author: MacClure, Victor, 1887-
Format: Book
Language:English
Published: London : Odhams, 1955.
Subjects:
LEADER 00776nam a2200217 a 4500
001 c000373369
003 CARM
005 19990424000000.0
008 880608s1955 enk 000 0 eng d
019 1 |a 5839164  |5 LACONCORD2021 
035 |a (OCoLC)18869110  |5 LACONCORD2021 
040 |a NUN  |b eng  |c NUN 
100 1 |a MacClure, Victor,  |d 1887- 
245 1 0 |a Good appetite my companion :  |b a gourmand at large /  |c by Victor MacClure. 
260 |a London :  |b Odhams,  |c 1955. 
300 |a 240 p. :  |b ill. 
650 0 |a Gastronomy. 
650 0 |a Cooking. 
852 8 |b CARM  |h A2:AR09G0  |i B07026  |p 0309781  |f BK 
999 f f |i 8c97b167-46d4-59f3-9f56-3a77d6b85675  |s 5b3a8a2a-6afa-5816-9cac-495be2772abc 
952 f f |p Can circulate  |a CAVAL  |b CAVAL  |c CAVAL  |d CARM 1 Store  |e B07026  |f A2:AR09G0  |h Other scheme  |i book  |m 0309781